|
|
|
|
| LEADER |
00000nab a2200000 a 4500 |
| 001 |
vtls000109093 |
| 003 |
SK-MaSNL |
| 005 |
20260317094013.0 |
| 008 |
111031c1981 xo 0 slo |
| 015 |
|
|
|a SNBRA19rr/mm-uuuuu
|
| 035 |
|
|
|a CL0119196
|
| 040 |
|
|
|a SNKBUCL
|b slo
|c SNKBUCL
|e AACR2
|
| 041 |
0 |
|
|a slo
|
| 044 |
|
|
|a xo
|c SK
|
| 080 |
|
|
|a 634.1/.7
|2 1981
|
| 080 |
|
|
|a 631.52/.54
|2 1981
|
| 100 |
1 |
|
|a Pospíšil, František
|4 aut
|9 381907
|
| 245 |
1 |
0 |
|a Citrusy=krása+úžitok
|c František Pospíšil
|
| 300 |
|
|
|b Obr. 12.
|
| 650 |
0 |
7 |
|a citrusy
|2 snkbucl
|9 30631
|
| 650 |
0 |
7 |
|a pomaranče
|2 snkbucl
|9 1188956
|
| 650 |
0 |
7 |
|a citróny
|2 snkbucl
|9 87942
|
| 655 |
|
7 |
|a články zo zborníkov
|2 snkbucl
|9 166140
|
| 773 |
0 |
|
|t Poradca záhradkára 8
|d Bratislava : Príroda, 1981
|g S. 105-130
|
| 850 |
|
|
|a Slovenská národná knižnica v Martine
|a MTA001
|
| 852 |
|
|
|a SNK
|b KIS3GCP
|
| 958 |
|
|
|a RK
|
| 992 |
|
|
|a RZB
|
| 999 |
|
|
|c 2061744
|d 2063674
|